[Event "Challenge"]
[Site "http://www.queenalice.com/game.php?id=1787475"]
[Date "2022.4.22"]
[Round "-"]
[White "dosoldini"]
[Black "Boltonben"]
[Result "1-0"]
[WhiteElo "1612"]
[BlackElo "1802"]

1. Nf3 e6 2. a3 d5 3. d4 Nf6 4. Nc3 c5 5. Bd2 Nc6 6. Bg5 Be7 7. h3 Qb6 8. e3
Qxb2 9. Na4 Qxa1 10. Qxa1 Ne4 11. h4 c4 12. c3 Bd6 13. Bf4 Bxf4 14. exf4 O-O 15.
Qb2 b6 16. Qc2 b5 17. Nb2 a6 18. a4 b4 19. Nxc4 Nxc3 20. Bd3 g6 21. Nce5 Ne7 22.
h5 Rb8 23. Nd2 Nf5 24. g4 Nxd4 25. Qb2 Rd8 26. Nef3 Nc6 27. Nb3 a5 28. hxg6 fxg6
29. Ng5 Rb7 30. Nc5 Re7 31. f3 e5 32. f5 e4 33. fxe4 dxe4 34. Bxe4 Rd1+ 35. Kf2
Nxe4+ 36. Ncxe4 Rxh1 37. Qb3+ Kg7 38. f6+ Kh6 39. fxe7 Nxe7 40. Qf3 Rh2+ 41. Kg3
1-0

[Event "AUTO-ADV-4589"]
[Site "http://www.queenalice.com/game.php?id=1795950"]
[Date "2022.9.11"]
[Round "2"]
[White "Boltonben"]
[Black "juliobragatecbr"]
[Result "1-0"]
[WhiteElo "1813"]
[BlackElo "1998"]

1. e4 e5 2. c3 c5 3. d4 cxd4 4. cxd4 exd4 5. Qxd4 Nc6 6. Qd1 Bb4+ 7. Bd2 Bxd2+
8. Nxd2 d6 9. Bc4 Nf6 10. Ngf3 O-O 11. O-O Bg4 12. Rc1 Nd4 13. Re1 Re8 14. Re3
Nxf3+ 15. Nxf3 Nxe4 16. Qd5 Bxf3 17. Qxf7+ Kh8 18. Qxf3 Ng5 19. Qxb7 Rxe3 20.
fxe3 Qe8 21. Kh1 Qb8 22. Bd5 Qxb7 23. Bxb7 Rb8 24. Bd5 Rf8 25. b4 h6 26. h3 Rb8
27. a3 Rb5 28. Bc4 Re5 29. Rc3 Ne4 30. Rc2 Ng3+ 31. Kh2 Rxe3 32. Bf7 Rxa3 33.
Bg6 Nf1+ 34. Kg1 Ne3 35. Rc8# 1-0

[Event "AUTO-ADV-4589"]
[Site "http://www.queenalice.com/game.php?id=1795951"]
[Date "2022.9.11"]
[Round "2"]
[White "juliobragatecbr"]
[Black "Boltonben"]
[Result "1/2-1/2"]
[WhiteElo "1980"]
[BlackElo "1824"]

1. e4 e6 2. d4 d5 3. exd5 exd5 4. Nc3 c6 5. Nf3 Nf6 6. Bd3 Bb4 7. a3 Bxc3+ 8.
bxc3 Bg4 9. h3 Bh5 10. Bg5 Nbd7 11. Be2 O-O 12. O-O Re8 13. Re1 Qa5 14. Bxf6
Nxf6 15. Qd3 Bg6 16. Qd2 Ne4 17. Qf4 Qxc3 18. Bd3 Rad8 19. Ne5 Qxd4 20. Bxe4
dxe4 21. Nxg6 hxg6 22. Rad1 Qc3 23. Qc1 b5 24. Rxd8 Rxd8 25. Rxe4 c5 26. Re7 a5
27. Qf4 Qf6 28. Qxf6 gxf6 29. Rc7 Rd5 30. Ra7 a4 31. Rb7 b4 32. axb4 a3 33. bxc5
Rxc5 34. Ra7 Rc3 35. Kf1 f5 36. Ke1 Rxc2 37. Rxa3 Kg7 38. Rf3 Kf6 39. h4 g5 40.
hxg5+ Kxg5 41. Rd3 Rc4 42. Ke2 Kf4 43. Rd7 Rc2+ 44. Ke1 f6 45. Rd2 Rxd2 46. Kxd2
Kg4 47. Ke3 f4+ 48. Ke4 f5+ 49. Ke5 f3 50. gxf3+ Kxf3 51. Kxf5 Kxf2 52. Kf6
1/2-1/2

[Event "AUTO-ADV-4589"]
[Site "http://www.queenalice.com/game.php?id=1795952"]
[Date "2022.9.11"]
[Round "2"]
[White "Boltonben"]
[Black "Jsc"]
[Result "0-1"]
[WhiteElo "1800"]
[BlackElo "1891"]

1. e4 e6 2. d3 c5 3. g3 b6 4. f4 d5 5. e5 Bb7 6. Bg2 Nc6 7. Ne2 Nge7 8. O-O Nf5
9. b3 Be7 10. Bb2 d4 11. Qd2 Ne3 12. Rf2 Qd7 13. a3 O-O 14. Qc1 f6 15. exf6 gxf6
16. Nd2 Bd6 17. c3 dxc3 18. Bxc3 Be7 19. Qb1 Rad8 20. Nc1 Ba6 21. Nc4 Ng4 22.
Rf1 b5 23. Nd2 Ne3 24. Re1 Nxg2 25. Kxg2 Qd5+ 26. Kf2 Bb7 27. Ne2 e5 28. Qd1
Qxd3 29. a4 b4 30. Bxb4 Nxb4 31. Nc4 Qf3+ 0-1

[Event "AUTO-ADV-4589"]
[Site "http://www.queenalice.com/game.php?id=1795953"]
[Date "2022.9.11"]
[Round "2"]
[White "Jsc"]
[Black "Boltonben"]
[Result "0-1"]
[WhiteElo "1926"]
[BlackElo "1778"]

1. e4 e6 2. d4 d5 3. e5 c5 4. c3 Qc7 5. f4 c4 6. Nf3 Be7 7. Be2 Nh6 8. O-O Nf5
9. g3 O-O 10. Rf2 g6 11. Nbd2 Ne3 12. Qa4 Bd7 0-1

[Event "Challenge"]
[Site "http://www.queenalice.com/game.php?id=1796597"]
[Date "2022.9.21"]
[Round "-"]
[White "dosoldini"]
[Black "Boltonben"]
[Result "0-1"]
[WhiteElo "1583"]
[BlackElo "1788"]

1. d4 d6 2. Nc3 e5 3. Be3 Nc6 4. Nd5 Nge7 5. dxe5 Nxe5 6. Bg5 f6 7. Be3 Be6 8.
c4 c6 9. Nxe7 Bxe7 10. Bd2 Nxc4 11. Bc3 b5 12. h3 d5 13. Nf3 b4 14. Bd4 c5 15.
b3 Na3 16. Bb2 Nb5 17. e3 a6 18. Qe2 c4 19. Qc2 c3 20. Bc1 d4 21. Qe4 Qd5 22.
Qd3 Rd8 23. e4 Qc6 24. Be2 O-O 25. O-O f5 26. Ne5 Qxe4 27. Qg3 Qxe2 28. Bh6 Bf6
29. Nd3 Rde8 30. Nf4 Qe5 31. Rae1 Qd6 32. Bxg7 Bxg7 33. Qg5 Bc8 34. g4 Rxe1 35.
Nh5 Rxf1+ 36. Kg2 Qg6 0-1

[Event "Challenge"]
[Site "http://www.queenalice.com/game.php?id=1797379"]
[Date "2022.10.4"]
[Round "-"]
[White "Boltonben"]
[Black "Vin100"]
[Result "1-0"]
[WhiteElo "1798"]
[BlackElo "1768"]

1. e4 e5 2. Nf3 Nc6 3. d4 exd4 4. Nxd4 Nxd4 5. Qxd4 b6 6. Bc4 Bb7 7. Bf4 c5 8.
Qe5+ Qe7 9. Nd2 d6 10. Qxe7+ Bxe7 11. O-O Nf6 12. Rfe1 O-O 13. e5 dxe5 14. Rxe5
Rfe8 15. Rd1 Rad8 16. Bb3 Ng4 17. Rf5 Rf8 18. Re1 Bd6 19. Bxd6 Rxd6 20. Bxf7+
Rxf7 21. Re8+ 1-0

[Event "Challenge"]
[Site "http://www.queenalice.com/game.php?id=1797380"]
[Date "2022.10.4"]
[Round "-"]
[White "Vin100"]
[Black "Boltonben"]
[Result "0-1"]
[WhiteElo "1735"]
[BlackElo "1836"]

1. e4 e6 2. d4 d5 3. Nc3 c5 4. Bb5+ Bd7 5. Nge2 Nf6 6. e5 Ne4 7. Be3 Nxc3 8.
Nxc3 Qa5 9. Bxd7+ Nxd7 10. O-O c4 11. Qg4 Qb6 12. b3 Rc8 13. Bd2 f5 14. exf6
Nxf6 15. Qf3 Qxd4 16. Rad1 Qb6 17. Be3 Bc5 18. Na4 Bxe3 19. Nxb6 Bxb6 20. Rfe1
Rc6 21. b4 O-O 22. b5 Rd6 23. Qg3 Rfd8 24. a4 Ne4 25. Qg4 Nxf2 26. Qf3 Nxd1+ 27.
Kf1 Rf8 28. Qxf8+ Kxf8 29. Rxd1 Rd7 30. g3 Rf7+ 31. Kg2 Rf2+ 0-1

[Event "AUTO-ADV-4651"]
[Site "http://www.queenalice.com/game.php?id=1798540"]
[Date "2022.10.24"]
[Round "1"]
[White "Anusha"]
[Black "Boltonben"]
[Result "0-1"]
[WhiteElo "1700"]
[BlackElo "1830"]

1. d4 d6 2. c3 e5 3. Nf3 e4 4. Ng1 d5 5. Bf4 Bd6 6. Bxd6 Qxd6 7. e3 Nf6 8. Nd2
O-O 9. Be2 Nbd7 10. f3 Re8 11. Nh3 exf3 12. Nxf3 Rxe3 13. O-O Ng4 14. Nf2 Rxf3
0-1

[Event "AUTO-ADV-4651"]
[Site "http://www.queenalice.com/game.php?id=1798541"]
[Date "2022.10.24"]
[Round "1"]
[White "Boltonben"]
[Black "Anusha"]
[Result "0-1"]
[WhiteElo "1782"]
[BlackElo "1859"]

1. e4 e6 2. d3 d5 3. Nc3 Nf6 4. e5 Nfd7 5. d4 c5 6. Nf3 Nc6 7. Bb5 a6 8. Bxc6
bxc6 9. O-O cxd4 10. Nxd4 Nxe5 11. Re1 Bd6 12. f4 Ng6 13. Nxc6 Qb6+ 14. Nd4 Nxf4
15. Kh1 O-O 16. Nf3 Bb7 17. a4 Ng6 18. b3 Bb4 19. Bd2 Rac8 20. Na2 Bxd2 21. Qxd2
Rc7 22. a5 Qc5 23. c3 Qxa5 24. c4 Qc5 25. b4 Qa7 26. c5 Bc6 27. Nc3 Rb8 28. Ne2
Bb5 29. Ned4 Qb7 30. Rec1 Bc4 31. Rab1 Qc8 32. Nc2 Qd8 33. Ne3 Bb5 34. Nd4 h6
35. Rf1 Bxf1 36. Nxf1 Qf6 37. Ng3 Rxc5 38. Rc1 Rxc1+ 39. Qxc1 Qxd4 0-1

[Event "AUTO-ADV-4651"]
[Site "http://www.queenalice.com/game.php?id=1798562"]
[Date "2022.10.24"]
[Round "1"]
[White "darthvedder72"]
[Black "Boltonben"]
[Result "1-0"]
[WhiteElo "1936"]
[BlackElo "1848"]

1. d4 d6 2. c4 e5 3. dxe5 dxe5 4. Nc3 Bb4 5. Bd2 Nf6 6. a3 Bc5 7. b4 Bd4 8. e3
Bxc3 9. Bxc3 e4 10. Qxd8+ Kxd8 11. Ne2 Re8 12. Ng3 b6 13. Be2 Bb7 14. O-O Nbd7
15. Rfd1 Ke7 16. Rd2 Rad8 17. Rad1 Kf8 18. Bxf6 gxf6 19. Rxd7 Rxd7 20. Rxd7 Rc8
21. Nf5 Bc6 22. Rd2 a6 23. Kf1 b5 24. cxb5 axb5 25. Rc2 Bd7 26. Nd4 c6 27. h3
Ke8 28. Ke1 Kf8 29. Bg4 Bxg4 30. hxg4 Ra8 31. Rc3 Ke8 32. Kd2 Kd7 33. Nxc6 1-0

[Event "AUTO-ADV-4651"]
[Site "http://www.queenalice.com/game.php?id=1798563"]
[Date "2022.10.24"]
[Round "1"]
[White "Boltonben"]
[Black "darthvedder72"]
[Result "0-1"]
[WhiteElo "1837"]
[BlackElo "1916"]

1. e4 c5 2. Bc4 d6 3. Nc3 Nc6 4. Qf3 Nf6 5. Nge2 Ne5 6. Bb5+ Nfd7 7. Qg3 Ng6 8.
O-O e6 9. d3 Be7 10. f4 O-O 11. f5 exf5 12. exf5 Nge5 13. Rf4 Nf6 14. Rh4 Bxf5
15. Bd2 Bg6 16. Rf1 a6 17. Ba4 b5 18. Bb3 d5 19. a3 c4 20. Ba2 cxd3 21. cxd3
Nxd3 22. Nf4 Nxf4 23. Rhxf4 Bd6 24. Qf3 Bxf4 25. Bxf4 d4 26. Nd5 Nxd5 27. Bxd5
Rc8 28. Bb7 Rc2 29. b4 Re8 30. Bxa6 Ree2 31. Bxb5 Rxg2+ 32. Qxg2 Rxg2+ 33. Kxg2
d3 34. Bc4 h6 35. Kg3 Qd4 36. Rf3 Qxc4 0-1

[Event "Challenge"]
[Site "http://www.queenalice.com/game.php?id=1798712"]
[Date "2022.10.27"]
[Round "-"]
[White "Boltonben"]
[Black "Sovietic1982"]
[Result "0-1"]
[WhiteElo "1851"]
[BlackElo "1894"]

1. e4 e5 2. c3 Nf6 3. Qf3 b6 4. Bc4 Bb7 5. d3 h6 6. Ne2 Bc8 7. O-O d6 8. Be3 Bg4
9. Qg3 Bxe2 10. Re1 Bg4 11. Nd2 Be7 12. f3 Bh5 13. Qxg7 Rg8 14. Qxh6 Bf8 15.
Qxf8+ Rxf8 16. d4 Ke7 17. Rad1 Rg8 18. Rf1 Qf8 19. dxe5 dxe5 20. Bb3 Nbd7 21.
Nc4 a6 22. a4 Qg7 23. g3 Rh8 24. Bc1 Qh7 25. Ne3 Bxf3 26. Rxf3 Qxh2+ 27. Kf1
Nxe4 28. Rxf7+ Ke8 29. Nf5 Qf2# 0-1

[Event "AUTO-ADV-4672"]
[Site "http://www.queenalice.com/game.php?id=1804717"]
[Date "2023.1.25"]
[Round "1"]
[White "Canaye"]
[Black "Boltonben"]
[Result "1-0"]
[WhiteElo "1851"]
[BlackElo "1846"]

1. d4 d5 2. c4 c6 3. cxd5 cxd5 4. Nc3 Nf6 5. h3 e6 6. Bf4 Bd6 7. Bxd6 Qxd6 8. e3
Nc6 9. Bb5 O-O 10. Nge2 Bd7 11. O-O a6 12. Ba4 b5 13. Bc2 Rac8 14. Rc1 Qb4 15.
b3 Rfe8 16. Qd3 e5 17. a4 e4 18. Qd1 bxa4 19. Nxa4 Ne7 20. Nc5 Bb5 21. Re1 Nd7
22. Nxd7 Bxd7 23. Ra1 Bb5 24. Nf4 Qc3 25. Rc1 Red8 26. Qg4 Ra8 27. Nh5 g6 28.
Bxe4 Qxb3 29. Bc2 Qb2 30. Nf4 Rac8 31. Qd1 Rc4 32. Bd3 Rc3 33. Bxb5 axb5 34. Rb1
Qc2 35. Rxb5 Rdc8 36. Nxd5 Nxd5 37. Rxd5 Kg7 38. Qxc2 Rxc2 39. e4 Kf8 40. e5 Ke7
41. Rd1 Rd8 42. Rxd8 Kxd8 43. f4 Ke7 44. d5 f6 45. e6 Rc8 46. Kf2 f5 47. g3 Rd8
48. Ke3 Kd6 49. Kd4 Re8 50. Ra1 h5 51. Ra6+ Ke7 52. Ke5 Rd8 53. d6+ Ke8 54. Ra7
Rb8 55. Kf6 Rb6 56. Ra8+ 1-0

[Event "AUTO-ADV-4672"]
[Site "http://www.queenalice.com/game.php?id=1804718"]
[Date "2023.1.25"]
[Round "1"]
[White "Boltonben"]
[Black "Canaye"]
[Result "1/2-1/2"]
[WhiteElo "1841"]
[BlackElo "1967"]

1. e4 e6 2. d3 d5 3. Nd2 c5 4. Ngf3 Nc6 5. g3 dxe4 6. Nxe4 Nf6 7. Bg5 Be7 8.
Bxf6 Bxf6 9. c3 Be7 10. Bg2 Rb8 11. O-O O-O 12. d4 cxd4 13. Nxd4 Nxd4 14. cxd4
b5 15. a3 Bb7 16. b4 a6 17. Nc5 Bxg2 18. Kxg2 a5 19. Re1 Qd5+ 20. Kg1 Ra8 21.
Qd3 axb4 22. axb4 Qc4 23. Qxc4 bxc4 24. Rec1 Rxa1 25. Rxa1 g5 26. Rc1 h5 27.
Rxc4 h4 28. b5 Rb8 29. Rb4 hxg3 30. hxg3 e5 31. b6 exd4 32. Rb5 Bxc5 33. Rxc5
Rxb6 34. Rxg5+ Kh7 35. Rd5 Rb4 36. Rd7 Kg6 37. Kg2 f5 38. f4 Kf6 39. Kh3 Ke6 40.
Rd8 Ke7 41. Rd5 Ke6 42. Rd8 Ke7 43. Rd5 Ke6 1/2-1/2

[Event "AUTO-ADV-4672"]
[Site "http://www.queenalice.com/game.php?id=1804729"]
[Date "2023.1.25"]
[Round "1"]
[White "kubinet"]
[Black "Boltonben"]
[Result "1-0"]
[WhiteElo "1834"]
[BlackElo "1811"]

1. e4 e6 2. d4 d5 3. Nc3 Bb4 4. e5 Ne7 5. a3 Bxc3+ 6. bxc3 b6 7. Qg4 Ng6 8. h4
h5 9. Qg3 Nc6 10. Bd3 Nce7 11. Bg5 Qd7 12. Bxe7 Qxe7 13. Bxg6 fxg6 14. Qxg6+ Qf7
15. Qd3 O-O 16. Nf3 Bb7 17. Qe3 Qf5 18. Kd2 Rac8 19. Rh3 c5 20. Rg3 cxd4 21.
Nxd4 Qxf2+ 22. Ne2 Ba6 23. Re1 Kh7 24. Qg5 Rc7 25. Qg6+ Kh8 26. Qxh5+ Kg8 27.
Qg6 Re7 28. h5 Kh8 29. h6 gxh6 30. Rh3 1-0

[Event "AUTO-ADV-4672"]
[Site "http://www.queenalice.com/game.php?id=1804730"]
[Date "2023.1.25"]
[Round "1"]
[White "Boltonben"]
[Black "kubinet"]
[Result "0-1"]
[WhiteElo "1796"]
[BlackElo "1849"]

1. e4 c5 2. d3 Nc6 3. f4 d6 4. Nf3 e6 5. Nc3 a6 6. Be2 Qc7 7. Be3 Be7 8. O-O Nf6
9. Ng5 h6 10. Nh3 O-O 11. a4 Bd7 12. b3 Rac8 13. Kh1 b5 14. axb5 axb5 15. Nxb5
Qb7 16. Nc3 Ra8 17. Qd2 Rxa1 18. Rxa1 Ra8 19. Rb1 Qb4 20. Nf2 Nd4 21. Bf1 Bd8
22. e5 Ne8 23. Ng4 Bc6 24. exd6 Nxd6 25. Ne5 Bb7 26. Ne2 Qxd2 27. Bxd2 Nxc2 28.
Nd7 Rc8 29. Rb2 Nb4 0-1

[Event "AUTO-ADV-4672"]
[Site "http://www.queenalice.com/game.php?id=1804737"]
[Date "2023.1.25"]
[Round "1"]
[White "Boltonben"]
[Black "SamuraiJOM"]
[Result "0-1"]
[WhiteElo "1830"]
[BlackElo "1765"]

1. e4 e5 2. d3 Bc5 3. Nf3 Nf6 4. Nxe5 O-O 5. d4 Bb6 6. Bd3 d6 7. Nf3 Re8 8. Nbd2
d5 9. e5 Nfd7 10. Nb3 c5 11. dxc5 Nxe5 12. Nxe5 Rxe5+ 13. Be3 Bc7 14. O-O Nd7
15. Qf3 Nf6 16. Bd4 Bg4 17. Qf4 Re1 18. Bxf6 Rxf1+ 19. Rxf1 Bxf4 20. Bxd8 Rxd8
21. Re1 f6 22. Re7 Kf8 23. Rxb7 Re8 24. f3 Bh5 0-1

[Event "AUTO-ADV-4672"]
[Site "http://www.queenalice.com/game.php?id=1804738"]
[Date "2023.1.25"]
[Round "1"]
[White "SamuraiJOM"]
[Black "Boltonben"]
[Result "1-0"]
[WhiteElo "1731"]
[BlackElo "1769"]

1. e4 e6 2. d4 d5 3. exd5 exd5 4. Nc3 Nf6 5. h3 Be6 6. Nf3 Nc6 7. a3 Be7 8. Bf4
O-O 9. Bd3 a6 10. O-O Bd6 11. Bxd6 Qxd6 12. Re1 b5 13. Ng5 g6 14. Nxe6 fxe6 15.
Ne2 Rae8 16. Qd2 e5 17. dxe5 Nxe5 18. Nc1 c6 19. Nb3 Nxd3 20. cxd3 Nh5 21. Nd4
Qc5 22. Ne6 Rxe6 23. Rxe6 Nf4 24. Rc1 Qd4 25. Re3 Qf6 26. Rg3 Qe5 27. Re1 Qd4
28. b4 Kg7 29. Qe3 Qc3 30. Rc1 Qf6 31. d4 1-0